| 000 | 00349nam a22001457a 4500 | ||
|---|---|---|---|
| 008 | 250423b ||||| |||| 00| 0 eng d | ||
| 020 | _a9780470979846 | ||
| 041 | _aeng | ||
| 080 |
_22011 _a796COL |
||
| 082 |
_2796COL _a796COL |
||
| 100 | _a16 | ||
| 101 | _aEKZAMINIM FIZIK | ||
| 245 |
_aTHE SPONSORSHIP HANBOOK _cPIPPA COLLETT |
||
| 942 |
_2udc _cBK |
||
| 999 |
_c60703 _d60703 |
||